| 000 | 00486nam a2200181 a 4500 | ||
|---|---|---|---|
| 001 | 2151 | ||
| 003 | CDMR | ||
| 005 | 20130308125442.0 | ||
| 008 | 130130s1999||||||||||||||||||||||||||||d | ||
| 020 | _a8493038415 | ||
| 040 |
_aCDMR _bcat _cCPC GIRONA |
||
| 100 | 1 |
_aPujol, Xavier _91604 |
|
| 245 | 1 | 3 |
_aLa nova dimensió _cXavier Pujol |
| 260 |
_bDiputació de Barcelona _aBarcelona |
||
| 260 |
_c1999 _bCol·legi de Periodistes de Catalunya |
||
| 490 | 0 |
_aOnes i bits _v1 |
|
| 942 |
_cMON _2udc |
||
| 999 |
_c2151 _d2151 |
||